[Event "Mondiale Lampo FIDE 2017"]
[Site "Riyadh"]
[Date "29.12.2017"]
[Round "11.56"]
[White "Malakhatko, Vadim"]
[Black "Saeed, Ishaq"]
[Result "1-0"]
[WhiteTitle "GM"]
[BlackTitle "FM"]
[WhiteElo "2542"]
[BlackElo "2434"]
[WhiteFideId "14104202"]
[BlackFideId "9301453"]
[EventDate "2017.12.29"]

1. c4 Nf6 2. Nc3 c5 3. g3 e6 4. Nf3 b6 5. Bg2 Bb7 6. O-O Be7 7. d4 cxd4 8. Qxd4
d6 9. Bg5 h6 10. Bxf6 Bxf6 11. Qf4 g5 12. Qd2 a6 13. Rad1 Be7 14. Qe3 Qc7 15.
Ne4 Nd7 16. Qd4 e5 17. Nxd6+ Bxd6 18. Qxd6 O-O-O 19. Bh3 Qxd6 20. Rxd6 Kc7 21.
Rfd1 Nc5 22. Rxd8 Rxd8 23. Rxd8 Kxd8 24. Nxe5 Ke7 25. b3 a5 26. Bg2 Bc8 27. Nd3
Ne6 28. e3 Kd6 29. Kf1 f6 30. Ke2 Bd7 31. Kd2 Ng7 32. Kc3 h5 33. a3 h4 34. b4 a4
35. Be4 f5 36. Bg2 Nh5 37. Kd4 Nf6 38. Bf3 h3 39. c5+ bxc5+ 40. bxc5+ Kc7 41.
Nb4 Ne8 42. Ke5 Ng7 43. Bd5 Ne8 44. Na6+ Kd8 45. c6 Bc8 46. Nc5 Nc7 47. Bc4 Ke7
48. f4 g4 49. Bd3 Kd8 50. Bxf5 Bxf5 51. Kxf5 Nd5 52. Kxg4 Nxe3+ 53. Kxh3 Kc7 54.
Nxa4 Nc4 55. Nc3 Kxc6 56. Kg4 Nxa3 57. Kf5 Nc4 58. Kf6 Ne3 59. h3 Kd7 60. f5 Ke8
61. g4 Kf8 62. Ne4 Nd5+ 63. Kg5 Kf7 64. h4 Kg7 65. h5 Ne3 66. h6+ Kh7 67. Kh5
Nd5 68. Ng5+ Kg8 69. Ne6 Kh7 70. g5 Kh8 71. g6 Nf6+ 72. Kg5 Ne4+ 73. Kf4 Nd6 74.
Ke5 Ne8 75. f6 Nd6 76. Kxd6 Kg8 77. f7+ 1-0

[Event "Mondiale Lampo FIDE 2017"]
[Site "Riyadh"]
[Date "29.12.2017"]
[Round "11.57"]
[White "Kovalev, Vladislav"]
[Black "Lam, Daniel King-wai"]
[Result "1-0"]
[WhiteTitle "GM"]
[BlackTitle "FM"]
[WhiteElo "2639"]
[BlackElo "2222"]
[WhiteFideId "13504398"]
[BlackFideId "6001238"]
[EventDate "2017.12.29"]

1. d4 e6 2. e4 d5 3. Nd2 Be7 4. e5 c5 5. c3 Nc6 6. Bd3 Nh6 7. Ne2 Nf5 8. Nf3 O-O
9. O-O Bd7 10. a3 cxd4 11. cxd4 a5 12. g4 Nh4 13. Nxh4 Bxh4 14. f4 Be7 15. Be3
f5 16. gxf5 exf5 17. Qb3 Be6 18. Qxb7 Qc8 19. Qxc8 Rfxc8 20. Rfc1 h6 21. Rc2 Kf7
22. Rac1 Na7 23. Rc7 Kf8 24. Bd2 Rxc7 25. Rxc7 Bd8 26. Rc2 Bb6 27. Kf2 Ke7 28.
Ke3 Kd7 29. Rc1 Rg8 30. h4 g5 31. hxg5 hxg5 32. fxg5 Rxg5 33. Rh1 Rg4 34. Rh7+
Kc6 35. a4 Bd7 36. Nf4 Rg3+ 37. Kf2 Rg4 38. Bb5+ Nxb5 39. axb5+ Kc7 1-0

[Event "Mondiale Lampo FIDE 2017"]
[Site "Riyadh"]
[Date "29.12.2017"]
[Round "11.58"]
[White "Miton, Kamil"]
[Black "Haddouche, Mohamed"]
[Result "0-1"]
[WhiteTitle "GM"]
[BlackTitle "GM"]
[WhiteElo "2584"]
[BlackElo "2505"]
[WhiteFideId "1111914"]
[BlackFideId "7900660"]
[EventDate "2017.12.29"]

1. d4 Nf6 2. c4 d6 3. Nc3 e5 4. Nf3 Nbd7 5. g3 g6 6. Bg2 Bg7 7. O-O O-O 8. e4
exd4 9. Nxd4 Re8 10. Re1 Nc5 11. h3 Bd7 12. Bf4 h6 13. Qc2 Qc8 14. Kh2 h5 15.
Rad1 h4 16. g4 Nh7 17. Be3 Ne6 18. Nxe6 Bxe6 19. Ne2 c6 20. Kh1 Qc7 21. f4 Rad8
22. b3 Bc8 23. Bg1 b6 24. Bh2 Bb7 25. Nc1 Re7 26. Qf2 c5 27. Re2 Bc6 28. Rde1
Qb7 29. Nd3 Rde8 30. e5 dxe5 31. Nxe5 Bxe5 32. fxe5 Ng5 33. Kg1 Bxg2 34. Qxg2
Nf3+ 35. Kf2 Nxe1 36. Rxe1 Qxg2+ 37. Kxg2 Rd7 38. Re2 Red8 39. Bf4 Rd3 40. Bg5
Rg3+ 41. Kf2 Rdd3 42. Bxh4 Rxh3 43. Bf6 Rh2+ 44. Ke1 Rxe2+ 45. Kxe2 Rg3 46. g5
Rg2+ 47. Kd3 Rxa2 48. Kc3 Kf8 49. Kd3 Ke8 0-1

[Event "Mondiale Lampo FIDE 2017"]
[Site "Riyadh"]
[Date "29.12.2017"]
[Round "11.59"]
[White "Al-Modiahki, Mohamad"]
[Black "Samhouri, A."]
[Result "1-0"]
[WhiteTitle "GM"]
[BlackTitle "FM"]
[WhiteElo "2542"]
[BlackElo "2355"]
[WhiteFideId "12100030"]
[BlackFideId "8100640"]
[EventDate "2017.12.29"]

1. e4 c5 2. Nc3 a6 3. g3 b5 4. Bg2 Bb7 5. Nge2 e6 6. O-O d6 7. d4 cxd4 8. Nxd4
Nd7 9. Re1 Qc7 10. a4 bxa4 11. Rxa4 Nb6 12. Ra1 Nf6 13. Nb3 Nc4 14. Bf1 Be7 15.
Qe2 Ne5 16. Na5 O-O 17. Nxb7 Qxb7 18. Bg2 Rfc8 19. h3 Nc6 20. Be3 Nd7 21. Na4
Bf6 22. Rad1 Be7 23. f4 Qb5 24. b3 Qxe2 25. Rxe2 Rab8 26. e5 d5 27. c4 Rxb3 28.
cxd5 exd5 29. Bxd5 Rxe3 30. Rxe3 Nc5 1-0

[Event "Mondiale Lampo FIDE 2017"]
[Site "Riyadh"]
[Date "29.12.2017"]
[Round "11.60"]
[White "Lodhi, Mahmood"]
[Black "Ibrahimov, Rasul"]
[Result "1/2-1/2"]
[WhiteTitle "IM"]
[BlackTitle "GM"]
[WhiteElo "2347"]
[BlackElo "2518"]
[WhiteFideId "7800010"]
[BlackFideId "13400495"]
[EventDate "2017.12.29"]

1. d4 Nf6 2. Nf3 d5 3. g3 c6 4. Bg2 Bf5 5. O-O h6 6. b3 e6 7. Bb2 Nbd7 8. c4 Be7
9. Nfd2 O-O 10. Nc3 Qb6 11. e4 dxe4 12. Ndxe4 Rad8 13. Qe2 Nxe4 14. Nxe4 Nf6 15.
Rad1 Nxe4 16. Bxe4 Bxe4 17. Qxe4 Bf6 18. Qe3 Rd7 19. Rd2 Rfd8 20. Rfd1 Qa5 21.
Bc3 Qf5 22. Kg2 a6 23. h4 h5 24. f3 g6 25. Qe4 Kf8 26. Qxf5 gxf5 27. Ba5 Rc8 28.
Bb6 Bd8 29. Bxd8 Rcxd8 30. Kf2 Kg7 31. Ke3 Kf6 32. Rd3 Rd6 1/2-1/2

[Event "Mondiale Lampo FIDE 2017"]
[Site "Riyadh"]
[Date "29.12.2017"]
[Round "11.61"]
[White "Omar, Noaman"]
[Black "Al-Hajiri, Bader"]
[Result "1-0"]
[WhiteTitle "IM"]
[BlackTitle "FM"]
[WhiteElo "2364"]
[BlackElo "2165"]
[WhiteFideId "9300244"]
[BlackFideId "10300163"]
[EventDate "2017.12.29"]

1. d4 d5 2. c4 e6 3. Nc3 Nf6 4. cxd5 exd5 5. Bg5 Be7 6. e3 c6 7. Bd3 O-O 8. Qc2
Nbd7 9. Nf3 Re8 10. O-O h6 11. Bf4 Nh5 12. Be5 Nxe5 13. dxe5 Bg4 14. Qa4 Bxf3
15. gxf3 Bh4 16. Qg4 Qg5 17. h3 Rxe5 18. f4 Qxg4+ 19. hxg4 Nxf4 20. exf4 Re7 21.
Rfe1 Rae8 22. Kf1 Bf6 23. Rxe7 Rxe7 24. Re1 Rc7 25. Re8# 1-0

[Event "Mondiale Lampo FIDE 2017"]
[Site "Riyadh"]
[Date "29.12.2017"]
[Round "11.62"]
[White "Khairat, Ahmed"]
[Black "Farhan, Marwan Ali"]
[Result "1-0"]
[WhiteTitle "CM"]
[WhiteElo "2211"]
[BlackElo "1975"]
[WhiteFideId "10624171"]
[BlackFideId "9401652"]
[EventDate "2017.12.29"]

1. e4 c5 2. Nf3 e6 3. d4 cxd4 4. Nxd4 Nc6 5. Nc3 Nf6 6. Nxc6 bxc6 7. Bd3 Be7 8.
O-O O-O 9. e5 Nd5 10. Ne4 f5 11. exf6 Nxf6 12. Bg5 d5 13. Ng3 e5 14. c4 e4 15.
Be2 Bb7 16. Nf5 Qd7 17. Nxe7+ Qxe7 18. Qb3 Kh8 19. Rad1 Rad8 20. Rd2 d4 21. Rfd1
c5 22. Qa3 Qc7 23. Bh4 Qc6 24. Bf1 Rfe8 25. Qh3 Bc8 26. Qg3 Qd6 27. Qa3 Qb6 28.
Re1 Bf5 29. Qg3 Bg6 30. Qf4 Nh5 31. Qg5 Rf8 32. Bg3 Rf5 33. Qg4 Rff8 34. Bh4 Rf5
35. Qg5 1-0

[Event "Mondiale Lampo FIDE 2017"]
[Site "Riyadh"]
[Date "29.12.2017"]
[Round "11.63"]
[White "Amer, Said Salim Al Maashani"]
[Black "Miswadah, Baha"]
[Result "1-0"]
[WhiteTitle "FM"]
[WhiteElo "2103"]
[BlackElo "1877"]
[WhiteFideId "22000100"]
[BlackFideId "11502118"]
[EventDate "2017.12.29"]

1. e4 c5 2. Nf3 g6 3. d4 cxd4 4. Qxd4 Nf6 5. e5 Nc6 6. Qa4 Nd5 7. Qe4 Nb6 8. Nc3
Bg7 9. Bf4 O-O 10. O-O-O f6 11. e6 d6 12. h4 a6 13. h5 g5 14. h6 Bh8 15. Bxg5
fxg5 16. Nxg5 Qe8 17. Qxh7# 1-0

[Event "Mondiale Lampo FIDE 2017"]
[Site "Riyadh"]
[Date "29.12.2017"]
[Round "11.64"]
[White "Al Mahmood, Salman"]
[Black "Al Jabri, Mohammed Ali"]
[Result "0-1"]
[WhiteElo "1593"]
[BlackElo "2154"]
[WhiteFideId "11201517"]
[BlackFideId "7604734"]
[EventDate "2017.12.29"]

1. e4 c5 2. Nf3 e6 3. d4 cxd4 4. Nxd4 a6 5. Nc3 Qc7 6. Bd3 Nf6 7. O-O Nc6 8. Be3
Ne5 9. f4 Neg4 10. Bd2 Bc5 11. Ne2 e5 12. fxe5 Qxe5 13. c3 Qxh2# 0-1

[Event "Mondiale Lampo FIDE 2017"]
[Site "Riyadh"]
[Date "29.12.2017"]
[Round "11.65"]
[White "Bukannan, Ahmed A"]
[Black "Al Habeeb, Emad"]
[Result "1/2-1/2"]
[WhiteElo "1929"]
[BlackElo "1933"]
[WhiteFideId "21504164"]
[BlackFideId "21500029"]
[EventDate "2017.12.29"]

1. Nf3 Nf6 2. c4 d6 3. Nc3 g6 4. g3 Bg7 5. Bg2 e5 6. d3 O-O 7. O-O Bd7 8. Rb1
Qc8 9. Re1 Bh3 10. Bh1 c6 11. Be3 h6 12. d4 Ng4 13. Bc1 Na6 14. Bg2 Bxg2 15.
Kxg2 h5 16. h3 Nh6 17. Bxh6 Bxh6 18. dxe5 dxe5 19. Nxe5 Rd8 20. Qc2 Rd2 21. Qe4
Qe6 22. Nf3 Qf6 23. Qe5 Qxe5 24. Nxe5 Re8 25. Nf3 Rc2 26. Nd4 Rd2 27. e3 Nc5 28.
Red1 Rxd1 29. Rxd1 Bg7 30. Nb3 Ne6 31. Rd7 Nd8 32. Kf3 a6 33. Ne4 Bxb2 34. Nd4
Ba3 35. Nf6+ Kf8 36. Nxe8 Kxe8 37. Rc7 Bd6 38. Rc8 Kd7 1/2-1/2

[Event "Mondiale Lampo FIDE 2017"]
[Site "Riyadh"]
[Date "29.12.2017"]
[Round "11.66"]
[White "Al Zamel, Khaled"]
[Black "Alanazy, Mohammed"]
[Result "1-0"]
[WhiteElo "1942"]
[BlackElo "1850"]
[WhiteFideId "21500967"]
[BlackFideId "21508488"]
[EventDate "2017.12.29"]

1. e4 e5 2. Nf3 Nc6 3. Bc4 d6 4. O-O Bg4 5. c3 Qf6 6. Be2 Bxf3 7. Bxf3 g6 8. Be2
Bg7 9. d3 Nge7 10. f4 exf4 11. Bxf4 Qe6 12. Nd2 Qd7 13. d4 O-O 14. Nc4 Rab8 15.
Rb1 Nd8 16. Ne3 Ne6 17. Bg4 h5 18. Bh3 g5 19. Bxe6 Qxe6 20. Bxg5 Qxe4 21. Qxh5
Ng6 22. Rbe1 Qc6 23. Nf5 Rfe8 24. Nxg7 Kxg7 25. Bf6+ 1-0

[Event "Mondiale Lampo FIDE 2017"]
[Site "Riyadh"]
[Date "29.12.2017"]
[Round "11.67"]
[White "Masrahi, Abdulrahman A"]
[Black "Al Ghamdi, Ahmed M"]
[Result "1-0"]
[WhiteTitle "CM"]
[BlackTitle "CM"]
[WhiteElo "1962"]
[BlackElo "2159"]
[WhiteFideId "21501564"]
[BlackFideId "21500150"]
[EventDate "2017.12.29"]

1. d4 Nf6 2. Bf4 g6 3. e3 Bg7 4. h3 O-O 5. Nf3 d6 6. Be2 b6 7. O-O Bb7 8. a4 a5
9. c3 Nbd7 10. Na3 Ne4 11. Bh2 e5 12. Nc4 Re8 13. Qc2 f5 14. Rfd1 Qe7 15. dxe5
Nxe5 16. Qb3 Kh8 17. Ncxe5 dxe5 18. Bb5 Nc5 19. Qc2 Red8 20. Rxd8+ Rxd8 21. Rd1
Rd6 22. b4 Ne4 23. bxa5 bxa5 24. Be2 h6 25. c4 Qd8 26. Nxe5 Kh7 27. Nf7 Rxd1+
28. Bxd1 Qe7 29. Nxh6 Bxh6 30. Bf3 Bg7 31. c5 Bc6 32. Qd1 Qxc5 33. Bxc7 Bxa4 34.
Qxa4 Qxc7 35. Bxe4 fxe4 36. Qxe4 Qe5 37. Qh4+ Qh5 38. Qxh5+ gxh5 39. e4 a4 40.
f4 a3 41. e5 a2 42. e6 a1=Q+ 1-0

[Event "Mondiale Lampo FIDE 2017"]
[Site "Riyadh"]
[Date "29.12.2017"]
[Round "11.68"]
[White "Al Abdali, Zeyad Saleh"]
[Black "Salama, Taher"]
[Result "0-1"]
[WhiteElo "1801"]
[BlackElo "1769"]
[WhiteFideId "21501505"]
[BlackFideId "11502231"]
[EventDate "2017.12.29"]

1. d4 Nf6 2. Nf3 e6 3. Bg5 Be7 4. c4 d5 5. Nc3 b6 6. e3 Bb7 7. Be2 O-O 8. O-O
Nbd7 9. Rc1 c5 10. Re1 Rc8 11. Bh4 cxd4 12. exd4 dxc4 13. Nd2 Nd5 14. Bg3 Bg5
15. Rb1 a6 16. Nxc4 Be7 17. Nd6 Bxd6 18. Bxd6 Re8 19. Rc1 Qg5 20. Bg3 Nf4 21.
Bf3 Bxf3 22. Qxf3 Nd5 23. Ne4 Rxc1 24. Qe2 Rxe1+ 25. Qxe1 Qg6 26. h4 N7f6 27.
Nd6 Rd8 28. Qc1 Ne4 29. Nxe4 Qxe4 30. Qg5 f6 31. Qd2 Rc8 32. Kh2 Rc2 33. Qd1 Qe2
34. Qg1 Qd2 35. b3 Rc1 36. Qxc1 Qxc1 0-1

[Event "Mondiale Lampo FIDE 2017"]
[Site "Riyadh"]
[Date "29.12.2017"]
[Round "11.69"]
[White "Alem, Ali Hussien"]
[Black "Al Saidi, Mohammed Khalfan"]
[Result "1-0"]
[WhiteElo "1745"]
[BlackElo "1468"]
[WhiteFideId "21500088"]
[BlackFideId "22001271"]
[EventDate "2017.12.29"]

1. e4 c5 2. Nf3 Nc6 3. Bb5 d6 4. d4 cxd4 5. Nxd4 Bd7 6. O-O Nxd4 7. Bxd7+ Qxd7
8. Qxd4 Nf6 9. Bg5 e5 10. Qd3 Be7 11. Nc3 O-O 12. Bxf6 Bxf6 13. Nd5 Bg5 14. g3
f5 15. h4 Bh6 16. c4 f4 17. Rad1 Qh3 18. gxf4 Bxf4 19. Qxh3 Rac8 20. Qe6+ Kh8
21. b3 a6 22. Qxd6 Rfd8 23. Qe7 h6 24. Nxf4 Re8 25. Qxb7 exf4 26. Rd7 Rg8 27.
Qxa6 Ra8 28. Qd6 Rxa2 29. Rd8 Ra8 30. Rxg8+ Rxg8 31. Qxf4 g5 32. hxg5 Rxg5+ 33.
Qxg5 hxg5 34. Rd1 Kg7 35. c5 1-0

[Event "Mondiale Lampo FIDE 2017"]
[Site "Riyadh"]
[Date "30.12.2017"]
[Round "12.1"]
[White "Grischuk, Alexander"]
[Black "Carlsen, Magnus"]
[Result "0-1"]
[WhiteTitle "GM"]
[BlackTitle "GM"]
[WhiteElo "2772"]
[BlackElo "2837"]
[WhiteFideId "4126025"]
[BlackFideId "1503014"]
[EventDate "2017.12.29"]

1. Nf3 d5 2. d4 Nf6 3. c4 e6 4. Nc3 Be7 5. Bf4 O-O 6. e3 Nbd7 7. c5 Ne4 8. Qa4
Nxc3 9. bxc3 c6 10. Bd3 Re8 11. O-O Bf6 12. e4 e5 13. Nxe5 Bxe5 14. Bxe5 dxe4
15. Bxe4 Nxe5 16. dxe5 Rxe5 17. Rfe1 Qe7 18. f4 Qxc5+ 19. Kh1 Re7 20. Qc2 g6 21.
h3 Bd7 22. Bf3 Rae8 23. Rxe7 Rxe7 24. Qd2 Qe3 25. Qd6 Qxc3 26. Rd1 Re1+ 27. Rxe1
Qxe1+ 28. Kh2 Qe8 29. h4 Be6 30. h5 Bxa2 31. Qd4 Qe7 32. Qxa7 Bd5 33. Bxd5 cxd5
34. hxg6 hxg6 35. Kg3 Qe1+ 36. Kh3 Qe6+ 37. Kg3 b6 38. Qb8+ Kg7 39. Qc7 Qe3+ 40.
Kh2 b5 41. Qd6 d4 42. g3 d3 43. Qa3 Qd4 0-1

[Event "Mondiale Lampo FIDE 2017"]
[Site "Riyadh"]
[Date "30.12.2017"]
[Round "12.6"]
[White "Andriasian, Zaven"]
[Black "Nepomniachtchi, Ian"]
[Result "0-1"]
[WhiteTitle "GM"]
[BlackTitle "GM"]
[WhiteElo "2585"]
[BlackElo "2729"]
[WhiteFideId "13302000"]
[BlackFideId "4168119"]
[EventDate "2017.12.29"]

1. e4 c5 2. Nc3 d6 3. Nf3 Nf6 4. d4 cxd4 5. Nxd4 a6 6. Be3 Ng4 7. Bc1 Nf6 8. Be3
e5 9. Nf3 Be7 10. Bc4 O-O 11. O-O Nc6 12. Bb3 Na5 13. Bg5 Ne8 14. Be3 Nf6 15.
Bg5 Ne8 16. Be3 Nxb3 17. axb3 Be6 18. Nd5 Nf6 19. Nxf6+ Bxf6 20. Qe2 Qc7 21.
Rfd1 Qc6 22. Bg5 Bd8 23. Rd2 f6 24. Bh4 Bb6 25. Rad1 Bc5 26. Ne1 a5 27. Nd3 Ba7
28. h3 b5 29. Kh2 Bb6 30. f3 Rad8 31. Bf2 Bc7 32. Be3 d5 33. exd5 Bxd5 34. Kg1
e4 35. fxe4 Bxe4 36. Nc5 Rde8 37. Qf2 Bxg2 38. Qxg2 Qxg2+ 39. Kxg2 Rxe3 40. Rd7
Rf7 41. Rxf7 Kxf7 42. Kf2 Re7 43. Kf3 Bb6 44. Ne4 Bc7 45. c4 bxc4 46. bxc4 Be5
47. Ra1 Rb7 48. Nc5 Rxb2 49. Rxa5 g5 50. Nd3 Rb3 51. Ke4 Bh2 52. c5 h5 53. c6
Kg6 54. Rc5 Bc7 55. Rd5 Rb6 56. Rc5 h4 57. Kf3 Rb3 58. Ke2 Ra3 59. Rd5 Ra2+ 60.
Kf3 Rc2 61. Nc5 Rc3+ 62. Ke2 Bb6 63. Ne4 Rxc6 64. Rd6 Rxd6 65. Nxd6 Bc7 66. Ne4
f5 67. Nf2 Bb6 68. Nd3 Kf6 69. Kf3 Ke6 70. Nb4 Bc5 71. Nd3 Bd6 72. Nb2 Kd5 73.
Nd1 Bc5 74. Nc3+ Kc4 75. Ne2 Kd3 76. Nc1+ Kc2 77. Ne2 Kd2 78. Nf4 gxf4 79. Kxf4
Ke2 80. Kxf5 Kf3 81. Ke5 Kg3 82. Ke4 Kxh3 83. Kf3 Kh2 0-1

[Event "Mondiale Lampo FIDE 2017"]
[Site "Riyadh"]
[Date "30.12.2017"]
[Round "12.7"]
[White "Salem, A.R. Saleh"]
[Black "Kravtsiv, Martyn"]
[Result "1/2-1/2"]
[WhiteTitle "GM"]
[BlackTitle "GM"]
[WhiteElo "2638"]
[BlackElo "2672"]
[WhiteFideId "9301348"]
[BlackFideId "14113147"]
[EventDate "2017.12.29"]

1. d4 d5 2. c4 e6 3. Nc3 Be7 4. Nf3 Nf6 5. Bg5 h6 6. Bxf6 Bxf6 7. e3 O-O 8. Qc2
c6 9. h4 c5 10. O-O-O cxd4 11. exd4 Nc6 12. g4 g6 13. g5 hxg5 14. hxg5 Bxg5+ 15.
Kb1 Bf6 16. Bd3 Nb4 17. Qd2 Nxd3 18. Qh6 Re8 19. Rxd3 e5 20. Nxe5 Bg7 21. Qh7+
Kf8 22. Rf3 Bf5+ 23. Rxf5 gxf5 24. Qxf5 Rxe5 25. dxe5 dxc4 26. Rd1 Qe8 27. f4
Rd8 28. Rg1 Qe7 29. Ne4 Qd7 30. Qxd7 Rxd7 31. Nd6 f6 32. Nxc4 fxe5 33. fxe5 b5
34. Nd6 Bxe5 35. Nxb5 Rb7 36. a4 a6 37. Re1 1/2-1/2

[Event "Mondiale Lampo FIDE 2017"]
[Site "Riyadh"]
[Date "30.12.2017"]
[Round "12.8"]
[White "Artemiev, Vladislav"]
[Black "Dreev, Aleksey"]
[Result "1/2-1/2"]
[WhiteTitle "GM"]
[BlackTitle "GM"]
[WhiteElo "2691"]
[BlackElo "2653"]
[WhiteFideId "24101605"]
[BlackFideId "4100107"]
[EventDate "2017.12.29"]

1. d4 d5 2. Bg5 h6 3. Bh4 c6 4. Nf3 Bf5 5. e3 Nd7 6. c4 Ngf6 7. Nc3 e6 8. Qb3
Qb6 9. Bg3 Ne4 10. c5 Qxb3 11. axb3 Nxg3 12. hxg3 a6 13. b4 Rb8 14. Nd2 Be7 15.
Nb3 e5 16. f4 exf4 17. gxf4 O-O 18. Na5 Bd8 19. Be2 Nf6 20. Rh4 Re8 21. g4 Bd7
22. Kd2 Re7 23. g5 Ne4+ 24. Nxe4 Rxe4 25. Rah1 Bxa5 26. bxa5 Rbe8 27. gxh6 g6
28. Rg1 Rxe3 29. Bd3 Rf3 30. Rg5 Rf2+ 31. Kc3 Re3 32. Re5 Rff3 33. Rxe3 Rxe3 34.
Kd2 Re7 35. h7+ Kh8 36. Bc2 f5 37. Rh3 Be8 38. Re3 Rxe3 39. Kxe3 Kxh7 40. Kf2
Kh6 41. Kg3 Kg7 42. Kh4 Kf6 43. Bd3 Bd7 44. b4 Bc8 45. Be2 Bd7 46. Bd3 1/2-1/2

[Event "Mondiale Lampo FIDE 2017"]
[Site "Riyadh"]
[Date "30.12.2017"]
[Round "12.9"]
[White "Savchenko, Boris"]
[Black "Korobov, Anton"]
[Result "0-1"]
[WhiteTitle "GM"]
[BlackTitle "GM"]
[WhiteElo "2566"]
[BlackElo "2652"]
[WhiteFideId "4147332"]
[BlackFideId "14105730"]
[EventDate "2017.12.29"]

1. e4 c5 2. Nf3 d6 3. d4 cxd4 4. Nxd4 Nf6 5. Nc3 a6 6. Bg5 e6 7. f4 Qc7 8. Qf3
Nc6 9. Nde2 Be7 10. O-O-O b5 11. e5 dxe5 12. fxe5 Nd5 13. Bxe7 Ndxe7 14. Nf4 O-O
15. Re1 Bb7 16. Bd3 b4 17. Qh3 h6 18. Ne4 Nxe5 19. Kb1 Nxd3 20. Nxd3 Rac8 21.
Nxb4 a5 22. Nd3 Qxc2+ 23. Ka1 Bxe4 24. Rxe4 Rfd8 25. a3 Rxd3 26. Qg4 Rb8 27. Rb1
Rxa3+ 0-1

[Event "Mondiale Lampo FIDE 2017"]
[Site "Riyadh"]
[Date "30.12.2017"]
[Round "12.10"]
[White "Harikrishna, Pentala"]
[Black "Amin, Bassem"]
[Result "1-0"]
[WhiteTitle "GM"]
[BlackTitle "GM"]
[WhiteElo "2744"]
[BlackElo "2689"]
[WhiteFideId "5007003"]
[BlackFideId "10601457"]
[EventDate "2017.12.29"]

1. e4 e5 2. Nf3 Nc6 3. Bb5 a6 4. Ba4 Nf6 5. O-O Be7 6. Re1 b5 7. Bb3 d6 8. c3
O-O 9. h3 Nb8 10. d4 Nbd7 11. Nbd2 Bb7 12. Bc2 Re8 13. Nf1 Bf8 14. Bg5 h6 15.
Bh4 exd4 16. cxd4 c5 17. N1d2 cxd4 18. Nxd4 Qb6 19. N4f3 Rac8 20. Rc1 g6 21. Bb1
Rxc1 22. Qxc1 Bg7 23. Qd1 Nh5 24. Nf1 Bxb2 25. Ne3 Bc3 26. Re2 g5 27. Nxg5 hxg5
28. Bxg5 Qc5 29. Nf5 Re6 30. Be3 Qe5 31. Nh6+ Kf8 32. Ng4 Qg7 33. Qc1 b4 34. a3
a5 35. axb4 axb4 36. Ra2 Kg8 37. Ra7 Bc6 38. Rc7 Bb5 39. Nh6+ Rxh6 40. Bxh6 Qg6
41. e5 Bd3 42. Bxd3 Qxd3 43. Qg5+ Qg6 44. Qxg6+ fxg6 45. Rxd7 dxe5 46. Rb7 Nf6
47. Be3 Nd5 48. Bc5 e4 49. Kf1 g5 50. g3 Bd2 51. Ke2 Bc3 52. Rd7 Nf6 53. Rb7 Nd5
54. Rb5 Kf7 55. Be3 Ke6 56. Bxg5 Bd4 57. Bd2 Bc3 58. Rxd5 Kxd5 59. Bxc3 bxc3 60.
Kd1 Kd4 61. Kc2 1-0

[Event "Mondiale Lampo FIDE 2017"]
[Site "Riyadh"]
[Date "30.12.2017"]
[Round "12.11"]
[White "Mamedov, Rauf"]
[Black "Christiansen, Johan-Sebastian"]
[Result "1-0"]
[WhiteTitle "GM"]
[BlackTitle "IM"]
[WhiteElo "2709"]
[BlackElo "2495"]
[WhiteFideId "13401653"]
[BlackFideId "1512668"]
[EventDate "2017.12.29"]

1. e4 e6 2. d4 d5 3. Nd2 Be7 4. e5 c5 5. c3 Nc6 6. Ndf3 cxd4 7. cxd4 f6 8. Bd3
Qb6 9. Ne2 Nh6 10. Bxh6 gxh6 11. O-O Bd7 12. Qd2 O-O-O 13. Qxh6 fxe5 14. dxe5
Kb8 15. Nf4 Rdf8 16. Nh5 Rhg8 17. Nf6 Bxf6 18. exf6 Qxb2 19. Bxh7 Rxf6 20. Qh4
Rgf8 21. Rab1 Qxa2 22. Bd3 Qa3 23. Qg3+ Rf4 24. Bb5 Ka8 25. Ra1 Qe7 26. Bxc6
Bxc6 27. Ne5 Qf6 28. Ng6 Rxf2 29. Nxf8 Rxf1+ 30. Rxf1 Qd4+ 31. Kh1 Bb5 32. Nxe6 1-0

[Event "Mondiale Lampo FIDE 2017"]
[Site "Riyadh"]
[Date "30.12.2017"]
[Round "12.13"]
[White "Kryvoruchko, Yuriy"]
[Black "Petrosian, Tigran L."]
[Result "0-1"]
[WhiteTitle "GM"]
[BlackTitle "GM"]
[WhiteElo "2689"]
[BlackElo "2601"]
[WhiteFideId "14109182"]
[BlackFideId "13301616"]
[EventDate "2017.12.29"]

1. e4 d6 2. d4 g6 3. Nc3 Bg7 4. Be3 a6 5. Qd2 b5 6. f3 Nd7 7. h4 h6 8. Nh3 Nb6
9. O-O-O b4 10. Nd5 Nxd5 11. exd5 Bxh3 12. Rxh3 Nf6 13. Bc4 Qb8 14. g4 Qb7 15.
Kb1 Nxd5 16. Bxd5 Qxd5 17. Qxb4 O-O 18. Qd2 h5 19. gxh5 Qxh5 20. Rg1 Bf6 21. Bg5
Rab8 22. Qf4 Kg7 23. Rhg3 Rb5 24. b3 Rf5 25. Qe4 d5 26. Qe3 Rh8 27. f4 e6 28.
Qc3 Bxg5 29. Rxg5 Rxg5 30. hxg5 Qh2 31. Qe3 Rh3 32. Qe5+ Kg8 33. Rc1 Rc3 34. Kb2
Qd2 35. Qf6 a5 36. a4 Rxb3+ 37. Kxb3 Qxc1 38. Qd8+ Kg7 39. Qxc7 Qb1+ 40. Kc3
Qb4+ 41. Kd3 Qxa4 42. Qe5+ Kh7 43. Qc7 Qb5+ 44. Kd2 Qb4+ 45. c3 Qb2+ 46. Kd3
Qb5+ 47. Kd2 Kg7 48. Qe5+ Kg8 49. Qc7 a4 50. Qd8+ Kh7 51. Qe7 Kg7 52. Qf6+ Kf8
53. Qd8+ Kg7 54. Qf6+ Kg8 55. Qd8+ Kh7 56. Qe7 Qb2+ 57. Kd3 Qb1+ 58. Kd2 Qf5 59.
Ke2 Qe4+ 60. Kd1 Qxf4 61. Kc2 Qf2+ 62. Kb1 a3 63. Qxa3 Qf5+ 64. Kb2 Qxg5 65. Qf8
Qf5 66. Kc1 g5 67. Qd8 g4 68. Qh4+ Kg6 69. Kd2 Qg5+ 0-1

[Event "Mondiale Lampo FIDE 2017"]
[Site "Riyadh"]
[Date "30.12.2017"]
[Round "12.14"]
[White "Melkumyan, Hrant"]
[Black "Esipenko, Andrey"]
[Result "0-1"]
[WhiteTitle "GM"]
[BlackTitle "FM"]
[WhiteElo "2633"]
[BlackElo "2564"]
[WhiteFideId "13302485"]
[BlackFideId "24175439"]
[EventDate "2017.12.29"]

1. d4 Nf6 2. Nf3 e6 3. g3 b5 4. Bg5 Bb7 5. Nbd2 Be7 6. e3 a6 7. a4 b4 8. Bd3 d5
9. O-O Nbd7 10. Nb3 c5 11. dxc5 Nxc5 12. Nxc5 Bxc5 13. c3 bxc3 14. bxc3 Be7 15.
Qe2 O-O 16. Rfb1 Qc8 17. Nd4 h6 18. Bxf6 Bxf6 19. Qd2 e5 20. Nb3 e4 21. Bf1 Bxc3
22. Qd1 Bxa1 23. Rxa1 Bc6 24. Nd4 Bd7 25. a5 Qc5 26. Nb3 Qb4 27. Nd4 Rfc8 28.
Qh5 Qd6 29. h4 Rab8 30. Qd1 Rb2 31. Rc1 Rxc1 32. Qxc1 Ra2 33. Qc3 Qf6 34. Qe1
Bg4 35. Nb3 Qb2 36. Nd4 0-1